[Event "7052-Championnat de la Loire OPEN"]
[Site "Loire"]
[Date "2006.02.11"]
[Round "4.5"]
[White "Trenteseaux, Alain"]
[Black "Gidon, Rene"]
[Result "0-1"]
[WhiteElo "1610"]
[BlackElo "1650"]
[PlyCount "93"]
[EventDate "2006.??.??"]

1. e4 e5 2. Nf3 Nc6 3. Bb5 a6 4. Ba4 Nf6 5. O-O b5 6. Bb3 Be7 7. Re1 O-O 8. c3
Na5 9. Bc2 d6 10. d4 Bg4 11. Nbd2 Nc4 12. Nxc4 bxc4 13. h3 Bh5 14. dxe5 Nd7 15.
exd6 cxd6 16. g4 Bg6 17. Bf4 Qc7 18. e5 Bxc2 19. Qxc2 d5 20. Qd2 Nb6 21. Re2
Rad8 22. Nd4 Qc8 23. e6 f6 24. Nf5 Rfe8 25. Kh2 Qc6 26. Nd4 Qc5 27. Rg1 Bd6 28.
e7 Rd7 29. Rge1 Rdxe7 30. Re6 Bxf4+ 31. Qxf4 Nd7 32. Rxe7 Rxe7 33. Rxe7 Qxe7
34. Qe3 Ne5 35. Nc6 Nxc6 36. Qxe7 Nxe7 37. Kg2 Nc6 38. f4 Kf7 39. Kf3 Ke6 40.
Ke3 a5 41. b3 f5 42. g5 Kd6 43. h4 g6 44. Kd2 Kc5 45. Ke3 Nd8 46. Kf3 Ne6 47.
Kg3 0-1

[Event "7052-Championnat de la Loire OPEN"]
[Site "Loire"]
[Date "2006.02.11"]
[Round "4.6"]
[White "Doucet, Medhi"]
[Black "Desassis, Maxence"]
[Result "1-0"]
[WhiteElo "1620"]
[BlackElo "1590"]
[PlyCount "51"]
[EventDate "2006.??.??"]

1. c4 d6 2. Nc3 Nf6 3. e4 g6 4. d3 Bg7 5. Nf3 O-O 6. g3 b6 7. Bg2 Bb7 8. O-O
Nbd7 9. Be3 e5 10. Bg5 h6 11. Be3 Ng4 12. Nd5 c6 13. Nc3 Ndf6 14. Bd2 d5 15. h3
dxe4 16. dxe4 Bc8 17. hxg4 Bxg4 18. Be3 Nh7 19. Qxd8 Raxd8 20. Rfd1 Rxd1+ 21.
Rxd1 f5 22. exf5 Rxf5 23. Rd8+ Nf8 24. Nh2 Bf6 25. Nxg4 Rxf2 26. Rxf8+ 1-0

[Event "7052-Championnat de la Loire OPEN"]
[Site "Loire"]
[Date "2006.02.11"]
[Round "4.7"]
[White "Moleins, Adrien"]
[Black "Bruyas, Benjamin"]
[Result "1-0"]
[WhiteElo "1700"]
[BlackElo "1580"]
[PlyCount "71"]
[EventDate "2006.??.??"]

1. e4 e6 2. d4 d5 3. exd5 exd5 4. c4 dxc4 5. Bxc4 Nf6 6. Bf4 Bd6 7. Bg5 O-O 8.
Nf3 Re8+ 9. Be2 Bb4+ 10. Nc3 c5 11. O-O Nc6 12. d5 Ne5 13. Bb5 Bd7 14. Bxf6
Qxf6 15. Nxe5 Bxb5 16. Ng4 Qg5 17. Nxb5 a6 18. Nc7 Re1 19. Rxe1 Bxe1 20. Qxe1
Rc8 21. h3 g6 22. d6 h5 23. d7 Rxc7 24. Qe8+ Kg7 25. d8=Q Qxd8 26. Qxd8 hxg4
27. Qxc7 gxh3 28. Qxc5 hxg2 29. Qc3+ Kf8 30. Qc8+ Ke7 31. Qxb7+ Kd6 32. Qxa6+
Ke5 33. Re1+ Kd5 34. Qd3+ Kc5 35. Re5+ Kb4 36. Qb3# 1-0

[Event "7052-Championnat de la Loire OPEN"]
[Site "Loire"]
[Date "2006.02.11"]
[Round "4.8"]
[White "Trottet, Francois"]
[Black "Moleins, Jean-Pierre"]
[Result "0-1"]
[WhiteElo "1390"]
[BlackElo "1650"]
[PlyCount "64"]
[EventDate "2006.??.??"]

1. d4 d5 2. c4 dxc4 3. e4 c6 4. Bxc4 Nf6 5. Nc3 b5 6. Bb3 b4 7. e5 bxc3 8. exf6
cxb2 9. Bxb2 exf6 10. Ne2 Bb4+ 11. Nc3 Ba6 12. Bxf7+ Kxf7 13. Qb3+ Qd5 14. Qxb4
Qxg2 15. O-O-O Re8 16. Qb3+ Kf8 17. Qc2 Kg8 18. Rdg1 Qf3 19. Qb3+ Kh8 20. Qf7
Rg8 21. Nd1 Bd3 22. Re1 Qf4+ 23. Re3 Na6 24. Qe6 Nb4 25. Qb3 Be4 26. Rg1 Rab8
27. Kd2 Nd5 28. Qa3 Bf3 29. Ke1 Bxd1 30. Kxd1 Qxf2 31. Rge1 Rxb2 32. Rd3 Rb1+
0-1

[Event "7052-Championnat de la Loire OPEN"]
[Site "Loire"]
[Date "2006.02.11"]
[Round "4.9"]
[White "Volay, Pascal"]
[Black "Pendrigh, Robin"]
[Result "1-0"]
[WhiteElo "1330"]
[BlackElo "1600"]
[PlyCount "126"]
[EventDate "2006.??.??"]

1. e4 e6 2. d4 d5 3. e5 c5 4. c3 Nc6 5. Bb5 a6 6. Bxc6+ bxc6 7. Nf3 cxd4 8.
cxd4 Qa5+ 9. Qd2 Bb4 10. Nc3 c5 11. a3 cxd4 12. Nxd4 Bxc3 13. Qxc3 Qxc3+ 14.
bxc3 Ne7 15. O-O O-O 16. Rb1 Bd7 17. Be3 Rab8 18. Rfc1 Ng6 19. Nf3 Bb5 20. Re1
Bd3 21. Rb4 Rb5 22. g3 Rfb8 23. Bd4 Ne7 24. Re3 Bc4 25. Nd2 Nc6 26. Rxb5 Bxb5
27. Re1 Bd3 28. Re3 Bc2 29. Re1 Na5 30. Bc5 Bd3 31. Bb4 Nc6 32. Nb3 g5 33. Nd4
Na7 34. Rd1 Bb5 35. Nxb5 Nxb5 36. Ra1 Rc8 37. Rc1 Nd4 38. Kg2 Kg7 39. Rd1 Nb5
40. Rd3 Kg6 41. Rf3 h5 42. h3 Rc7 43. g4 h4 44. Rf6+ Kg7 45. Rf3 Rc4 46. Rd3
Na7 47. Rd4 Rxd4 48. cxd4 Nc6 49. Bc5 f6 50. exf6+ Kxf6 51. Kf3 e5 52. Ke3 Ke6
53. f3 Nxd4 54. Bxd4 exd4+ 55. Kxd4 Kd6 56. a4 a5 57. Ke3 Kc5 58. f4 d4+ 59.
Kd3 gxf4 60. g5 f3 61. g6 f2 62. Ke2 d3+ 63. Kxf2 Kd4 1-0

[Event "7052-Championnat de la Loire OPEN"]
[Site "Loire"]
[Date "2006.02.11"]
[Round "4.10"]
[White "Pareux, Marc"]
[Black "Rogues, Jean-Luc"]
[Result "1-0"]
[WhiteElo "1570"]
[BlackElo "1470"]
[PlyCount "47"]
[EventDate "2006.??.??"]

1. d4 d5 2. e4 e6 3. Be3 dxe4 4. Nd2 Nf6 5. f3 exf3 6. Ngxf3 Be7 7. Bd3 Nd5 8.
Qe2 Nc6 9. c3 Bd7 10. O-O Nxe3 11. Qxe3 Bf6 12. Ne4 Qe7 13. Qf4 O-O-O 14. Rad1
h6 15. Nxf6 Qxf6 16. Qd2 Rdf8 17. b4 g5 18. b5 g4 19. bxc6 gxf3 20. Rxf3 Qe7
21. cxd7+ Qxd7 22. Qe2 Qc6 23. Be4 Qb6 24. Rb1 1-0

[Event "7052-Championnat de la Loire OPEN"]
[Site "Loire"]
[Date "2006.02.11"]
[Round "4.11"]
[White "Gregoire, Michele"]
[Black "Daillere, Roland"]
[Result "1-0"]
[WhiteElo "1410"]
[BlackElo "1499"]
[PlyCount "67"]
[EventDate "2006.??.??"]

1. d4 Nf6 2. c4 e6 3. Nc3 Bb4 4. Bd2 O-O 5. Nf3 c6 6. a3 Bxc3 7. Bxc3 d5 8. e3
Re8 9. Ne5 Nbd7 10. f4 Nxe5 11. fxe5 Ne4 12. Qf3 Ng5 13. Qf4 f6 14. Bd3 Rf8 15.
O-O f5 16. c5 b6 17. b4 Ne4 18. Bxe4 fxe4 19. Qg4 Qe7 20. Be1 Ba6 21. Rf4 Rf7
22. Bh4 Qf8 23. Ra2 Rxf4 24. exf4 Qf5 25. Qxf5 exf5 26. Kf2 Bc4 27. Rb2 a5 28.
cxb6 axb4 29. b7 Rb8 30. Rxb4 Ba6 31. Be7 Bxb7 32. Bd6 Ra8 33. Rxb7 Rxa3 34.
Bxa3 1-0

[Event "7052-Championnat de la Loire OPEN"]
[Site "Loire"]
[Date "2006.02.11"]
[Round "4.12"]
[White "Gerey, Jean-Pierre"]
[Black "Gregoire, Patrick"]
[Result "0-1"]
[WhiteElo "1350"]
[BlackElo "1550"]
[PlyCount "110"]
[EventDate "2006.??.??"]

1. e4 e6 2. d4 d5 3. e5 c5 4. c3 Nc6 5. Nf3 Bd7 6. Bb5 Qb6 7. Bxc6 Bxc6 8. O-O
cxd4 9. cxd4 Bb4 10. a3 Be7 11. b4 a5 12. bxa5 Rxa5 13. Qe1 Bb5 14. Bd2 Ra8 15.
a4 Bxf1 16. Qxf1 f6 17. Nc3 fxe5 18. Qb5+ Qxb5 19. Nxb5 Rc8 20. Nxe5 Nf6 21.
Ba5 O-O 22. Nc7 Ne4 23. f3 Rxc7 24. Bxc7 Nc3 25. Kf1 Ra8 26. a5 Nb5 27. Bb6 Bb4
28. Rc1 Bc3 29. Rb1 Nxd4 30. Bxd4 Bxd4 31. Nd7 Rxa5 32. Nb6 Ra1 33. Rxa1 Bxa1
34. Ke2 Kf7 35. Kd3 Ke7 36. Nc8+ Kd7 37. Na7 Kd6 38. Nb5+ Kc5 39. Na3 b5 40. f4
b4 41. Nc2 b3 42. Na3 Kb4 43. Nb1 g6 44. g3 e5 45. fxe5 Bxe5 46. Kd2 d4 47. Kd3
b2 48. Ke2 d3+ 49. Kxd3 Kb3 50. Nd2+ Ka2 51. Kc2 Bc7 52. Nb1 h5 53. Nc3+ Ka1
54. Nb1 h4 55. Kd2 hxg3 0-1

[Event "7052-Championnat de la Loire OPEN"]
[Site "Loire"]
[Date "2006.02.11"]
[Round "4.14"]
[White "Paratcha, Yohan"]
[Black "Mialon, Franck"]
[Result "0-1"]
[WhiteElo "1310"]
[BlackElo "1370"]
[PlyCount "90"]
[EventDate "2006.??.??"]

1. e4 e5 2. Nf3 Nc6 3. d4 exd4 4. Nxd4 Bc5 5. Nxc6 bxc6 6. Bc4 d5 7. exd5 Qf6
8. O-O cxd5 9. Bxd5 Rb8 10. c3 Ne7 11. Bc4 O-O 12. Be3 Bb6 13. Bxb6 cxb6 14.
Re1 Bb7 15. b4 Qg6 16. f3 Rbd8 17. Qe2 Rfe8 18. Rd1 Nd5 19. Qf1 Ne3 20. Rxd8
Rxd8 21. Qe2 Rd1+ 22. Kf2 Qxg2+ 23. Kxe3 Re1 24. Kd2 Rxe2+ 25. Bxe2 Bxf3 26.
Kd3 Qxe2+ 27. Kd4 Qb2 28. Nd2 Qxa1 29. Nxf3 Qxa2 30. c4 Qf2+ 31. Ke4 Qe2+ 32.
Kf4 Qxc4+ 33. Kg3 Qxb4 34. h4 a5 35. Ne5 Qc3+ 36. Kf4 a4 37. Ke4 a3 38. Nd7 a2
39. Nxb6 a1=Q 40. Kf4 Qd4+ 41. Kg3 Qxb6 42. h5 Qa4 43. Kf3 Qbb3+ 44. Ke2 Qaa2+
45. Ke1 Qbb1# 0-1

[Event "7052-Championnat de la Loire OPEN"]
[Site "Loire"]
[Date "2006.02.11"]
[Round "4.15"]
[White "Choquelle, Jean"]
[Black "Thevenet, Olivier"]
[Result "0-1"]
[WhiteElo "1130"]
[BlackElo "1550"]
[PlyCount "104"]
[EventDate "2006.??.??"]

1. Nc3 Nf6 2. f3 d5 3. d4 Bf5 4. e3 Nc6 5. Nge2 Nb4 6. Ng3 Nxc2+ 7. Kf2 Nxa1 8.
Bd2 Bg6 9. Qxa1 e6 10. Be2 Bb4 11. a3 Bxc3 12. Bxc3 O-O 13. Qc1 b6 14. Bb5 a6
15. Bc6 Rb8 16. Bb4 b5 17. Bxf8 Qxf8 18. b4 Qd6 19. Qc3 Kh8 20. Ra1 Rb6 21. Rc1
Ng8 22. Be8 Rb8 23. Qc6 Ne7 24. Qxc7 Qxc7 25. Rxc7 Rxe8 26. e4 dxe4 27. fxe4
Nc8 28. Ke3 Nd6 29. Kd3 Nc4 30. Kc3 Nxa3 31. Kd3 Nc4 32. Ne2 Nd6 33. Nc3 h6 34.
g4 Rc8 35. Rc5 Rxc5 36. bxc5 b4 37. Na4 Bxe4+ 38. Ke3 Bc6 39. Nb2 Nb7 40. Kd3
a5 41. Kc4 Kh7 42. Nd3 Kg6 43. Nf4+ Kg5 44. Nh3+ Kxg4 45. Nf2+ Kf3 46. Nd3 Kg2
47. Ne5 Bd5+ 48. Kb5 b3 49. Nd3 g5 50. c6 Bxc6+ 51. Kxc6 g4 52. Kxb7 g3 0-1

[Event "7052-Championnat de la Loire OPEN"]
[Site "Loire"]
[Date "2006.02.11"]
[Round "4.16"]
[White "Carrot, Axel"]
[Black "Brachet, Gerard"]
[Result "0-1"]
[WhiteElo "1450"]
[BlackElo "1370"]
[PlyCount "96"]
[EventDate "2006.??.??"]

1. e4 e5 2. Nf3 Nc6 3. d4 exd4 4. Nxd4 d6 5. Nxc6 bxc6 6. Nc3 Bb7 7. Bd3 Nf6 8.
O-O Be7 9. Qf3 c5 10. Qg3 g6 11. Bh6 Qd7 12. f3 O-O-O 13. Qf4 Qe6 14. b3 Nh5
15. Qg4 Qxg4 16. fxg4 Bf6 17. Rxf6 Nxf6 18. Bg7 Nxg4 19. Bxh8 Rxh8 20. Bc4 Rf8
21. Rf1 Ne5 22. Bd5 Ba6 23. Rf2 c6 24. Bc4 Bxc4 25. bxc4 Nxc4 26. Rf6 Kd7 27.
Na4 Ke7 28. Rf4 Ne3 29. c3 Nd1 30. Rf3 Rb8 31. Rh3 Rb1 32. Rxh7 Nxc3+ 33. Kf2
Nxa4 34. Rh3 Rb2+ 35. Kf1 Rxa2 36. Re3 c4 37. h3 c3 38. Ke1 Rxg2 39. Kd1 Nb2+
40. Kc1 Na4 41. e5 d5 42. Rd3 f6 43. exf6+ Kxf6 44. Rf3+ Ke5 45. Rf1 d4 46. Rd1
Nc5 47. h4 Nb3+ 48. Kb1 Rb2# 0-1

[Event "7052-Championnat de la Loire OPEN"]
[Site "Loire"]
[Date "2006.03.04"]
[Round "5.1"]
[White "Doran, Niall"]
[Black "Jedidi, Brahim"]
[Result "1/2-1/2"]
[WhiteElo "1760"]
[BlackElo "1810"]
[PlyCount "60"]
[EventDate "2006.??.??"]

1. e4 g6 2. d4 Bg7 3. Nc3 c6 4. Nge2 e6 5. Ng3 d5 6. e5 Qb6 7. Bd2 Qxd4 8. f4
Nd7 9. Qf3 Qb6 10. O-O-O Ne7 11. Be2 a5 12. Be3 Qc7 13. h4 h5 14. Bd3 a4 15. a3
b5 16. Bxb5 cxb5 17. Nxb5 Qa5 18. Nd6+ Kf8 19. Bd2 Qc7 20. Bb4 Ba6 21. Rhe1 Nc5
22. f5 gxf5 23. Ngxf5 exf5 24. Nxf5 Nxf5 25. Qxf5 Kg8 26. Rxd5 Ne6 27. Red1 Bc4
28. Rd7 Qxe5 29. Qxf7+ Kh7 30. Bc3 Qe3+ 1/2-1/2

[Event "7052-Championnat de la Loire OPEN"]
[Site "Loire"]
[Date "2006.03.04"]
[Round "5.2"]
[White "Borron, Herve"]
[Black "Maestracci, Olivier"]
[Result "0-1"]
[WhiteElo "1790"]
[BlackElo "1699"]
[PlyCount "50"]
[EventDate "2006.??.??"]

1. c4 Nf6 2. Nc3 e6 3. g3 d5 4. cxd5 exd5 5. d4 Be7 6. Bg2 c6 7. e3 O-O 8. Nge2
Re8 9. O-O Bd6 10. a3 Bf5 11. Bd2 Nbd7 12. b4 Ne4 13. Nxe4 Bxe4 14. Bxe4 Rxe4
15. Nc3 Re6 16. b5 Nf6 17. bxc6 bxc6 18. Qa4 Bf8 19. Rab1 c5 20. Nb5 Qd7 21.
Qa5 Rb6 22. dxc5 Bxc5 23. Nc3 Rc8 24. Na4 Rxb1 25. Rxb1 Bxa3 0-1

[Event "7052-Championnat de la Loire OPEN"]
[Site "Loire"]
[Date "2006.03.04"]
[Round "5.3"]
[White "Gidon, Rene"]
[Black "Doucet, Medhi"]
[Result "0-1"]
[WhiteElo "1650"]
[BlackElo "1620"]
[PlyCount "86"]
[EventDate "2006.??.??"]

1. e4 e5 2. Nf3 Nc6 3. Bb5 Bc5 4. O-O d6 5. d4 exd4 6. Nxd4 Nge7 7. Be3 O-O 8.
Nxc6 Nxc6 9. Bxc5 dxc5 10. Bxc6 bxc6 11. Qxd8 Rxd8 12. Nc3 Be6 13. b3 Rd4 14.
Rfe1 f6 15. Na4 c4 16. Rad1 Rad8 17. Rxd4 Rxd4 18. Nc5 Bf7 19. Kf1 cxb3 20.
axb3 Kf8 21. Ke2 Ke7 22. Ke3 Rd6 23. Ra1 a5 24. Rxa5 Rd1 25. Ra4 Kd6 26. Nd3
Be6 27. Rd4+ Ke7 28. f4 Rg1 29. Kf2 Ra1 30. c4 Bc8 31. Nc5 Ra5 32. b4 Ra2+ 33.
Kf3 Rb2 34. Nd3 Rb1 35. f5 Bb7 36. h3 g6 37. Kg4 Bc8 38. h4 h5+ 39. Kf4 Rf1+
40. Kg3 gxf5 41. exf5 Rxf5 42. Re4+ Be6 43. Nc5 Re5 0-1

[Event "7052-Championnat de la Loire OPEN"]
[Site "Loire"]
[Date "2006.03.04"]
[Round "5.4"]
[White "Minchilli, Franco"]
[Black "Zennaf, Karim"]
[Result "1-0"]
[WhiteElo "1690"]
[BlackElo "1199"]
[PlyCount "89"]
[EventDate "2006.??.??"]

1. d4 Nf6 2. c4 g6 3. Nc3 Bg7 4. e4 d6 5. Bd3 O-O 6. Nge2 e5 7. Bg5 h6 8. Be3
Nc6 9. d5 Ne7 10. h3 c6 11. Qd2 Kh7 12. g4 Nfg8 13. f4 exf4 14. Bxf4 Be5 15.
Be3 Bd7 16. O-O-O a6 17. Nd4 b5 18. Nf3 Bg7 19. Nh4 b4 20. Ne2 c5 21. Rdf1 Qa5
22. Bb1 Qb6 23. Nf3 a5 24. Rfg1 a4 25. h4 Qa6 26. Bd3 a3 27. b3 Nc8 28. h5 g5
29. e5+ Kh8 30. Nxg5 hxg5 31. Bxg5 Bxe5 32. h6 Nge7 33. Bf4 Bb2+ 34. Kd1 Ng6
35. g5 Nce7 36. Ng3 Bg4+ 37. Ne2 Bf5 38. Be3 Bxd3 39. Qxd3 Qc8 40. Rf1 Qd7 41.
Rf2 Rae8 42. Rhf1 Nc8 43. Nf4 Nxf4 44. Rxf4 Be5 45. g6 1-0

[Event "7052-Championnat de la Loire OPEN"]
[Site "Loire"]
[Date "2006.03.04"]
[Round "5.5"]
[White "Granger, Thierry"]
[Black "Moleins, Adrien"]
[Result "0-1"]
[WhiteElo "1490"]
[BlackElo "1700"]
[PlyCount "56"]
[EventDate "2006.??.??"]

1. d4 d5 2. c4 dxc4 3. Nf3 Nf6 4. e3 Nc6 5. Bxc4 e6 6. O-O Bd7 7. Nc3 Bd6 8. a3
O-O 9. Qc2 e5 10. dxe5 Nxe5 11. Nxe5 Bxe5 12. b4 a5 13. bxa5 Rxa5 14. Bb2 b5
15. Be2 c5 16. Rfd1 Qe7 17. Nd5 Nxd5 18. Bxe5 Qxe5 19. Qd2 Nc3 20. Rdc1 Nxe2+
21. Qxe2 b4 22. Qd2 Be6 23. Rd1 Rxa3 24. Rxa3 bxa3 25. Qa5 a2 26. h3 h6 27. Kh1
Rb8 28. Qe1 Bf5 0-1

[Event "7052-Championnat de la Loire OPEN"]
[Site "Loire"]
[Date "2006.03.04"]
[Round "5.6"]
[White "Moleins, Jean-Pierre"]
[Black "Pareux, Marc"]
[Result "0-1"]
[WhiteElo "1650"]
[BlackElo "1570"]
[PlyCount "56"]
[EventDate "2006.??.??"]

1. e4 g6 2. d4 Bg7 3. Nf3 c6 4. Bc4 d5 5. exd5 cxd5 6. Bb5+ Bd7 7. Nc3 Bxb5 8.
Nxb5 a6 9. Nc3 Nc6 10. O-O Nf6 11. Ne2 O-O 12. c3 b5 13. Nf4 e6 14. b3 Ne4 15.
Ne2 Rc8 16. Nd2 Nxc3 17. Nxc3 Nxd4 18. Bb2 Qa5 19. Rc1 b4 20. Na4 Rxc1 21. Bxc1
Rc8 22. Bb2 Qb5 23. Qg4 Ne2+ 24. Kh1 Bxb2 25. Nxb2 Rc2 26. Nbc4 dxc4 27. Qxe2
Qd5 28. Rd1 c3 0-1

[Event "7052-Championnat de la Loire OPEN"]
[Site "Loire"]
[Date "2006.03.04"]
[Round "5.7"]
[White "Chabas, Jean-Luc"]
[Black "Volay, Pascal"]
[Result "1-0"]
[WhiteElo "1590"]
[BlackElo "1330"]
[PlyCount "75"]
[EventDate "2006.??.??"]

1. e4 e5 2. Nf3 Nc6 3. Bb5 a6 4. Ba4 Nf6 5. O-O b5 6. Bb3 Be7 7. Re1 O-O 8. c3
d6 9. h3 Bb7 10. d4 exd4 11. cxd4 Nd7 12. Bf4 Na5 13. Bc2 f6 14. b3 Nc6 15.
Nbd2 Bc8 16. Nf1 Re8 17. a3 Nf8 18. Bh2 g6 19. Qd2 Qd7 20. Qh6 Bd8 21. Rac1 Qg7
22. Qd2 Bd7 23. b4 Rb8 24. Bb3+ Kh8 25. Bf4 Na7 26. Bh6 Qe7 27. h4 Be6 28. d5
Bf7 29. Qd4 Rb7 30. g4 Kg8 31. Ng3 Qd7 32. e5 dxe5 33. Nxe5 Qd6 34. Nxf7 Rxe1+
35. Rxe1 Kxf7 36. Bf4 Qd7 37. d6+ Kg7 38. Qd5 1-0

[Event "7052-Championnat de la Loire OPEN"]
[Site "Loire"]
[Date "2006.03.04"]
[Round "5.8"]
[White "Desassis, Maxence"]
[Black "Gregoire, Michele"]
[Result "1-0"]
[WhiteElo "1590"]
[BlackElo "1410"]
[PlyCount "133"]
[EventDate "2006.??.??"]

1. d4 d5 2. Nf3 e6 3. e3 Bd6 4. Bd3 Nf6 5. Nbd2 O-O 6. b3 Nbd7 7. Bb2 Re8 8.
O-O e5 9. e4 c6 10. c4 exd4 11. exd5 c5 12. Re1 Ne5 13. Nxe5 Bxe5 14. Nf3 Bg4
15. h3 Bxf3 16. Qxf3 Qd6 17. g3 Re7 18. Bc1 Nd7 19. Bf4 f6 20. Bf5 Nf8 21. Bxe5
fxe5 22. Qd3 g6 23. Bg4 Rc8 24. Re4 Nd7 25. Bxd7 Qxd7 26. Kg2 Rf8 27. Rae1 Qd6
28. f4 Rf5 29. Qe2 exf4 30. gxf4 Ref7 31. Rf1 g5 32. Re8+ Kg7 33. Qe6 R5f6 34.
Qxd6 Rxd6 35. fxg5 Rxf1 36. Kxf1 Kf7 37. Rb8 Rd7 38. a3 Kg6 39. b4 b6 40. bxc5
bxc5 41. Rc8 Rf7+ 42. Ke2 Kxg5 43. Rxc5 Re7+ 44. Kd2 Kf4 45. d6 Rd7 46. Rd5 Ke4
47. h4 h6 48. a4 a6 49. h5 a5 50. Ke2 Kf4 51. Rxd4+ Ke5 52. Rd5+ Ke6 53. Ke3
Rg7 54. d7 Rxd7 55. Rxd7 Kxd7 56. Ke4 Kd6 57. Kf5 Kc5 58. Kg6 Kxc4 59. Kxh6 Kc3
60. Kg6 Kb4 61. h6 Kxa4 62. h7 Kb3 63. h8=Q a4 64. Qb8+ Ka2 65. Qb4 Ka1 66.
Qxa4+ Kb1 67. Kf5 1-0

[Event "7052-Championnat de la Loire OPEN"]
[Site "Loire"]
[Date "2006.03.04"]
[Round "5.9"]
[White "Gregoire, Patrick"]
[Black "Goudet, Maxence"]
[Result "1-0"]
[WhiteElo "1550"]
[BlackElo "1370"]
[PlyCount "91"]
[EventDate "2006.??.??"]

1. e4 e5 2. Nf3 Nc6 3. d4 d6 4. dxe5 dxe5 5. Qxd8+ Kxd8 6. Bc4 Ke8 7. Ng5 f6 8.
Nf7 Bd6 9. Nxh8 Ke7 10. Nc3 Nb4 11. Nd5+ Nxd5 12. Bxd5 Be6 13. Bxb7 Rb8 14. Bd5
Bxd5 15. exd5 Nh6 16. Bxh6 gxh6 17. O-O Rxh8 18. Rfe1 Rb8 19. b3 Rb5 20. c4 Rb4
21. Re4 Kf7 22. Rd1 a5 23. Rd3 a4 24. g3 f5 25. Re2 e4 26. Rde3 Bc5 27. Rc3 Bd4
28. Rcc2 axb3 29. axb3 Rxb3 30. Ra2 Rc3 31. Rec2 Rb3 32. Kg2 h5 33. c5 Rb5 34.
d6 cxd6 35. cxd6 Ke6 36. Ra6 Rb8 37. Rc7 Be5 38. d7+ Ke7 39. Rc8 Kxd7 40. Rxb8
Bxb8 41. Rf6 Ke7 42. Rxf5 e3 43. fxe3 Ba7 44. Kf3 Ke6 45. Rxh5 Kf6 46. Rxh7 1-0

[Event "7052-Championnat de la Loire OPEN"]
[Site "Loire"]
[Date "2006.03.04"]
[Round "5.10"]
[White "Mialon, Franck"]
[Black "Desassis, Gregoire"]
[Result "1/2-1/2"]
[WhiteElo "1370"]
[BlackElo "1670"]
[PlyCount "29"]
[EventDate "2006.??.??"]

1. e4 e6 2. d4 d5 3. exd5 exd5 4. Bd3 Nc6 5. c3 Bd6 6. Nf3 Qe7+ 7. Be3 Nf6 8.
O-O O-O 9. Bg5 h6 10. Bh4 Bg4 11. Nbd2 g5 12. h3 Bh5 13. g4 Bxg4 14. hxg4 gxh4
15. Nxh4 1/2-1/2

[Event "7052-Championnat de la Loire OPEN"]
[Site "Loire"]
[Date "2006.03.04"]
[Round "5.11"]
[White "Pendrigh, Robin"]
[Black "Trottet, Francois"]
[Result "1-0"]
[WhiteElo "1600"]
[BlackElo "1390"]
[PlyCount "33"]
[EventDate "2006.??.??"]

1. e4 c5 2. Nf3 d6 3. d4 cxd4 4. Nxd4 a6 5. Be3 Nf6 6. Nc3 Nc6 7. Qd2 Nxd4 8.
Bxd4 e5 9. Be3 Ng4 10. O-O-O Nxe3 11. Qxe3 Bd7 12. g3 b5 13. f4 f6 14. Be2 Kf7
15. fxe5 dxe5 16. Bg4 Kg8 17. Be6+ 1-0

[Event "7052-Championnat de la Loire OPEN"]
[Site "Loire"]
[Date "2006.03.04"]
[Round "5.12"]
[White "Thevenet, Olivier"]
[Black "Daillere, Roland"]
[Result "1-0"]
[WhiteElo "1550"]
[BlackElo "1499"]
[PlyCount "85"]
[EventDate "2006.??.??"]

1. d4 Nf6 2. c4 e6 3. Nf3 d5 4. e3 Nc6 5. Bd2 Bb4 6. Bxb4 Nxb4 7. a3 Nc6 8. Bd3
O-O 9. O-O Re8 10. Nc3 e5 11. dxe5 Nxe5 12. Nxe5 Rxe5 13. cxd5 Nxd5 14. Qc2 g6
15. Rac1 c6 16. Rfd1 Bg4 17. Be2 Bf5 18. e4 Be6 19. exd5 cxd5 20. Bf3 Rc8 21.
Qd2 Rc5 22. Qd4 Qd6 23. Ne4 Rxc1 24. Rxc1 Qb6 25. Qxb6 axb6 26. Nc3 d4 27. Nb1
Bd5 28. Bxd5 Rxd5 29. Rd1 Kg7 30. g3 Kf6 31. f4 Ke6 32. Kf2 Kd6 33. b4 f5 34.
Re1 Kc6 35. Nd2 Kb5 36. Re5 Kc6 37. Rxd5 Kxd5 38. Ke2 h6 39. Kd3 b5 40. Nf3 b6
41. Nxd4 g5 42. Nxf5 gxf4 43. gxf4 1-0

[Event "7052-Championnat de la Loire OPEN"]
[Site "Loire"]
[Date "2006.03.04"]
[Round "5.13"]
[White "Rogues, Jean-Luc"]
[Black "Furnon, Yannick"]
[Result "0-1"]
[WhiteElo "1470"]
[BlackElo "1499"]
[PlyCount "48"]
[EventDate "2006.??.??"]

1. d4 d5 2. c4 c6 3. Nc3 Nf6 4. e3 Bf5 5. Bd3 Bxd3 6. Qxd3 e6 7. Nf3 Be7 8. O-O
O-O 9. Re1 Nbd7 10. e4 dxc4 11. Qxc4 Nb6 12. Qd3 h6 13. Be3 Qc7 14. e5 Nfd5 15.
a3 Rad8 16. Rad1 Nxe3 17. Qxe3 Nd5 18. Nxd5 Rxd5 19. Rd3 Rfd8 20. Red1 Qd7 21.
b4 b6 22. Qd2 c5 23. Qb2 Qb5 24. Rb1 Qxd3 0-1

[Event "7052-Championnat de la Loire OPEN"]
[Site "Loire"]
[Date "2006.03.04"]
[Round "5.14"]
[White "Brachet, Gerard"]
[Black "Choquelle, Jean"]
[Result "1-0"]
[WhiteElo "1370"]
[BlackElo "1130"]
[PlyCount "23"]
[EventDate "2006.??.??"]

1. e4 e5 2. Nf3 Nc6 3. Bc4 f6 4. d3 h6 5. Be3 g5 6. Nbd2 Bg7 7. c3 b6 8. d4 d6
9. Qb3 Nge7 10. Bf7+ Kf8 11. Bh5 a6 12. Qf7# 1-0

[Event "7052-Championnat de la Loire OPEN"]
[Site "Loire"]
[Date "2006.03.04"]
[Round "5.15"]
[White "Veyrat, Gerard"]
[Black "Lille, Gauthier"]
[Result "0-1"]
[WhiteElo "1240"]
[BlackElo "1370"]
[PlyCount "78"]
[EventDate "2006.??.??"]

1. d4 d5 2. Nf3 Nc6 3. c3 f6 4. e3 e5 5. Bb5 Bd7 6. O-O Bd6 7. Bd3 e4 8. Bxe4
dxe4 9. Nfd2 f5 10. Qh5+ g6 11. Qe2 Qe7 12. Nc4 O-O-O 13. Nxd6+ Qxd6 14. b4 Nf6
15. h3 a6 16. c4 Qxb4 17. Ba3 Qb6 18. c5 Qb5 19. Qc2 Nb4 20. Bxb4 Qxb4 21. Nc3
Qc4 22. Qb2 Nd5 23. Rfc1 Nxc3 24. Rxc3 Qb5 25. Rb3 Qc6 26. Rb1 b5 27. cxb6 Be6
28. b7+ Kb8 29. Rc3 Qb6 30. Qc2 Qa5 31. Rxc7 Qxc7 32. Qe2 Bd5 33. Qxa6 Bxb7 34.
Rb6 Kc8 35. a4 Bxa6 36. a5 Kd7 37. Rxa6 Ra8 38. Rb6 Rhb8 39. Rf6 Rb1# 0-1

[Event "7052-Championnat de la Loire OPEN"]
[Site "Loire"]
[Date "2006.03.04"]
[Round "5.16"]
[White "Geraci, Georges"]
[Black "Paratcha, Yohan"]
[Result "0-1"]
[WhiteElo "1220"]
[BlackElo "1310"]
[PlyCount "96"]
[EventDate "2006.??.??"]

1. d4 d5 2. e3 Nf6 3. Nd2 e6 4. c3 Bd6 5. g3 O-O 6. Bg2 Nc6 7. Nh3 e5 8. O-O e4
9. Ng5 Re8 10. h3 Na5 11. b3 c6 12. Bb2 h6 13. h4 hxg5 14. h5 Bg4 15. Qc2 Bxh5
16. c4 Bf3 17. Bxf3 exf3 18. Nxf3 Ne4 19. Kg2 Be7 20. Rh1 g4 21. Ne5 f5 22. c5
Bf6 23. Ng6 Kf7 24. Nf4 Qd7 25. Bc3 Nxc3 26. Qxc3 b6 27. a4 Nb7 28. Rh5 Rh8 29.
Rhh1 g6 30. Qd3 bxc5 31. Rab1 cxd4 32. e4 dxe4 33. Qc4+ Ke7 34. Nxg6+ Kd6 35.
Nxh8 Bxh8 36. Rh6+ Kc7 37. Rbh1 Na5 38. Qa6 Nb7 39. Rh7 Bg7 40. Rc1 Rg8 41. Rc4
e3 42. Qxa7 Kd8 43. Qb6+ Ke8 44. Rxc6 Nd8 45. fxe3 Nxc6 46. Kf2 d3 47. Ke1 Rh8
48. Rxg7 Rh1+ 0-1

[Event "7052-Championnat de la Loire OPEN"]
[Site "Loire"]
[Date "2006.03.04"]
[Round "5.17"]
[White "Masson, Guillaume"]
[Black "Carrot, Axel"]
[Result "1-0"]
[WhiteElo "1190"]
[BlackElo "1450"]
[PlyCount "43"]
[EventDate "2006.??.??"]

1. e4 e5 2. Nf3 Nc6 3. d4 exd4 4. Nxd4 Nxd4 5. Qxd4 Be7 6. Nc3 Nf6 7. e5 Ng8 8.
Bc4 f6 9. Qd5 d6 10. Qf7+ Kd7 11. e6+ Kc6 12. Be3 d5 13. Bxd5+ Kd6 14. O-O-O
Ke5 15. Qh5+ f5 16. f4+ Kd6 17. Qxf5 Bf6 18. Nb5+ Ke7 19. Bc5+ Ke8 20. Bxb7
Qxd1+ 21. Rxd1 Bxb7 22. Nxc7# 1-0